Occult meditations
| Main Author: | |
|---|---|
| Format: | Print Book |
| Language: | English |
| Subito Delivery Service: | Order now. |
| Check availability: | HBZ Gateway |
| Interlibrary Loan: | Interlibrary Loan for the Fachinformationsdienste (Specialized Information Services in Germany) |
| Published: |
Visakhapatnam, India Einsiedeln
Dhanishta
2006
|
| In: | Year: 2006 |
| Edition: | 1st ed. |
| Standardized Subjects / Keyword chains: | B
Occultism
/ Meditation
|
| Further subjects: | B
Occultism
Collection of samples
Meditation
B Meditation Collection of samples Occultism B Collection of samples |
MARC
| LEADER | 00000cam a2200000 c 4500 | ||
|---|---|---|---|
| 001 | 1643596578 | ||
| 003 | DE-627 | ||
| 005 | 20240510192600.0 | ||
| 007 | tu | ||
| 008 | 181024s2006 sz ||||| 00| ||eng c | ||
| 020 | |a 9783033007161 |9 978-3-033-00716-1 | ||
| 020 | |a 3033007163 |9 3-033-00716-3 | ||
| 035 | |a (DE-627)1643596578 | ||
| 035 | |a (DE-576)512238596 | ||
| 035 | |a (DE-599)BSZ512238596 | ||
| 040 | |a DE-627 |b ger |c DE-627 |e rda | ||
| 041 | |a eng | ||
| 044 | |c XA-CH | ||
| 084 | |a ASIEN |q DE-16 |2 fid | ||
| 084 | |a 0 |2 ssgn | ||
| 100 | 1 | |e VerfasserIn |0 (DE-588)1088565964 |0 (DE-627)84968434X |0 (DE-576)459220047 |4 aut |a Kumar, K. Parvathi |d 1945- | |
| 109 | |a Kumar, K. Parvathi 1945- |a K. Parvathi Kumar 1945- |a Parvathi Kumar, K. 1945- | ||
| 245 | 1 | 0 | |a Occult meditations |c K. Parvathi Kumar |
| 250 | |a 1st ed. | ||
| 264 | 1 | |a Visakhapatnam, India |a Einsiedeln |b Dhanishta |c 2006 | |
| 300 | |a 288 Seiten |c 21 cm | ||
| 336 | |a Text |b txt |2 rdacontent | ||
| 337 | |a ohne Hilfsmittel zu benutzen |b n |2 rdamedia | ||
| 338 | |a Band |b nc |2 rdacarrier | ||
| 583 | 1 | |a Archivierung prüfen |c 20200919 |f DE-640 |z 1 |2 pdager | |
| 583 | 1 | |a Archivierung/Langzeitarchivierung gewährleistet |f FID |x XA-DE-BW |2 pdager |5 DE-16-77 | |
| 650 | 0 | |a Meditation |x Beispielsammlung |x Okkultismus | |
| 650 | 0 | |a Okkultismus |x Beispielsammlung |x Meditation | |
| 655 | 7 | |a Beispielsammlung |0 (DE-588)4144384-6 |0 (DE-627)104798521 |0 (DE-576)209733659 |2 gnd-content | |
| 689 | 0 | 0 | |d s |0 (DE-588)4043421-7 |0 (DE-627)106209809 |0 (DE-576)209055766 |2 gnd |a Okkultismus |
| 689 | 0 | 1 | |d s |0 (DE-588)4038241-2 |0 (DE-627)104377224 |0 (DE-576)209029196 |2 gnd |a Meditation |
| 689 | 0 | |5 (DE-627) | |
| 935 | |a mteo | ||
| 951 | |a BO | ||
| ELC | |b 1 | ||
| LOK | |0 000 xxxxxcx a22 zn 4500 | ||
| LOK | |0 001 442697884X | ||
| LOK | |0 003 DE-627 | ||
| LOK | |0 004 1643596578 | ||
| LOK | |0 005 20231219172935 | ||
| LOK | |0 008 231205||||||||||||||||ger||||||| | ||
| LOK | |0 040 |a DE-Tue135 |c DE-627 |d DE-Tue135 | ||
| LOK | |0 092 |o n | ||
| LOK | |0 852 |a DE-Tue135 | ||
| LOK | |0 852 1 |9 00 | ||
| LOK | |0 935 |a hdsa | ||
| LOK | |0 939 |a 05-12-23 |b l01 | ||
| ORI | |a SA-MARC-ixtheoa001.raw | ||
| REL | |a 1 | ||
| STA | 0 | 0 | |a Meditation,Meditation,Meditations,Occultism,Occultism |
| STB | 0 | 0 | |a Méditation,Méditation,Méditations,Occultisme,Occultisme |
| STC | 0 | 0 | |a Meditación,Meditación,Meditación,Ocultismo,Ocultismo |
| STD | 0 | 0 | |a Meditazione,Meditazione,Meditazioni,Occultismo,Occultismo |
| STE | 0 | 0 | |a 冥想,冥想,神秘学,神秘学 |
| STF | 0 | 0 | |a 冥想,冥想,神秘學,神秘學 |
| STG | 0 | 0 | |a Meditação,Meditação,Ocultismo,Ocultismo |
| STH | 0 | 0 | |a Медитация (мотив),Медитация,Оккультизм (мотив),Оккультизм |
| STI | 0 | 0 | |a Αποκρυφισμός (μοτίβο),Αποκρυφισμός,Διαλογισμός (μοτίβο),Διαλογισμός |
| SUB | |a REL | ||
| SYE | 0 | 0 | |a Konzentration |
| SYG | 0 | 0 | |a Konzentration |